000 04100nam a22005537a 4500
001 DVD-007531-539
005 20110819151040.0
006 a|||||r|||||00| 0
007 vc cvaizu
008 100929s2010 ii 150 g 00| 0 hin
010 _aDVD-007531-539
024 _a8903539010019
_c399.00
028 _bReliance Big Entertainment
040 _aDLC
_cDLC
_dDLC
_eamim
082 _aDVD MYNA
245 0 0 _aMy name is Khan /
_cFox Star Studios & Fox Searchlight Pictures presents a Dharma Productions & Red Chillies Entertainment Production ; produced by Hiroo Yash Johar & Gauri Khan ; directed by Karan Johar.
257 _aIndia.
260 _aMumbai :
_bReliance Big Home Video,
_cc2010.
300 _a2 videodiscs of 2 (DVD) (ca. 150 min.) :
_bsd., col. ;
_c4 3/4 in.
_3viewing copy.
306 _a150 min
500 _aCopyright notice on container: Dharma Productions Pvt. Ltd. & Red Chillies Entertainment.
500 _aOriginally released theatrically in 2010.
500 _aSummary taken from container.
505 0 _adisc 1. Movie -- disc 2. Special features.
508 _aStody & screenplay Shibani Bathija; lyrics, Niranjan Iyengar; music, Shankar Ehsaan Loy.
511 1 _aShah Rukh Khan, Kajol.
520 _aRizvan Khan, a Muslim from India, moves to San Francisco and lives with his brother and sister-in-law. Rizvan, who has Aspergers, fall in love with Mandira. Despite protests from his family they get marries and start a small business together. They are happy until September 11, 2001 when attitudes towards Muslims undergo a sea-change. When tragedy strikes, Mandira is devastated and they split. Rizvan is very confused and very upset that the love of his life has left him. To win her back, he embarks on a touching and inspiring journey across America.
538 _aDolby digital, PAL, 16.9, Genre Drama, Subtitle in English
546 _aIn Hindi with English subtitles.
650 0 _aMuslims
_zAmerica
_xAttitude
_vDrama.
_933227
650 0 _aMotion Picture
_933228
655 0 _aFeature films.
_933229
700 1 _aJohar, Karan,
_d1972-
_edirection.
_933230
700 1 _aJohar, Hiroo Yash,
_eproduction.
_933231
710 2 _aDharma Productions.
_933232
710 2 _aRed Chillies Entertainment (Firm)
_933233
942 _2ddc
_cCF
_hDVD
_mMYNA
999 _c55725
_d55725